000 00325nab a22001097u 4500
008 130520b1982 xxu||||| |||| 00| 0 spa d
041 _aspa
100 1 _aOkolo, Ch. B.
_967228
245 0 0 _aIglesia y racismo: perspectiva en Nigeria
_cCh. B. Okolo
773 0 _tConcilium
_gV.1,1982,págs.75-79
_x0210-1041
_wRev134
942 _cAR
999 _c354825
_d354825